Catálogo

LA COMUNICACION EN ACCION : (Registro nro. 52525)

Detalles MARC
000 -LEADER
fixed length control field 00835nam a2200205 a 4500
001 - CONTROL NUMBER
control field 52525
005 - DATE AND TIME OF LATEST TRANSACTION
control field 20180714042415.0
008 - FIXED-LENGTH DATA ELEMENTS--GENERAL INFORMATION
fixed length control field 140415s1999 sp 000 0 spa d
020 ## - INTERNATIONAL STANDARD BOOK NUMBER
International Standard Book Number 9788449307638
041 ## - LANGUAGE CODE
Language code of text/sound track or separate title spa
082 ## - DEWEY DECIMAL CLASSIFICATION NUMBER
Classification number 658.45
Item number COS
100 1# - MAIN ENTRY--PERSONAL NAME
Personal name COSTA, JOAN
245 13 - TITLE STATEMENT
Title LA COMUNICACION EN ACCION :
Remainder of title INFORME SOBRE LA NUEVA CULTURA DE LA GESTION
250 ## - EDITION STATEMENT
Edition statement 1a ed.
260 ## - PUBLICATION, DISTRIBUTION, ETC.
Place of publication, distribution, etc. ESPAÑA :
Name of publisher, distributor, etc. PAIDOS,
Date of publication, distribution, etc. 1999
300 ## - PHYSICAL DESCRIPTION
Extent 171
Dimensions 15.5 x 0.8 x 23.4
490 ## - SERIES STATEMENT
Series statement COLECCION CONSTRUCCION HUMANA
520 ## - SUMMARY, ETC.
Summary, etc. ESTE INFORME SOBRE LA NUEVA CULTURA DE LA GESTION ABRE POR PRIMERA VEZ UNA PERSPECTIVA DONDE SE INTEGRAN LAS ESTRATEGIAS DE LA ACCION Y DE LA COMUNICACION EN UNA FUERZA UNITARIA.
650 14 - SUBJECT ADDED ENTRY--TOPICAL TERM
Topical term or geographic name entry element CIENCIAS ADMINISTRATIVAS
General subdivision COMUNICACION ORGANIZACIONAL
-- EMPRESAS
-- ADMINISTRACION
-- IDENTIDAD CORPORATIVA
Existencias
Withdrawn status Lost status Source of classification or shelving scheme Damaged status Not for loan Collection code Home library Current library Shelving location Date acquired Source of acquisition Inventory number Total Checkouts Full call number Barcode Date last seen Date last checked out Price effective from Koha item type
    Dewey Decimal Classification     General Biblioteca Karol Wojtyla Biblioteca Karol Wojtyla Sala general 03/12/2013 Compra 151000000000000000013356   658.45 COS 78038 05/01/2026 08/11/2016 03/12/2013 Libro